Anuario colombiano de derecho internacional

Detalles Bibliográficos
Formato: Revista
Lenguaje:lenguas múltiples
Publicado: [Colombia] : Universidad del Rosario, 2009 -
Materias:
Acceso en línea:Acceso restringido

MARC

LEADER 00000nas a2200000 4500
005 20170518152124.0
007 cr|||| ||||
008 130219c 9999ck uu p s 0 0mul d
022 |a 2027-1131 
022 |a 2145-4493 
035 |a 14670 
040 |a BUS  |d vLex 
041 |a spaengfre 
090 |c 6667  |d 6667 
245 0 0 |a Anuario colombiano de derecho internacional  |h [Recurso electrn̤ico] 
256 |a Servicio en lƯ̕nea. 
260 |a [Colombia] :  |b Universidad del Rosario,  |c 2009 - 
300 |a 1 recurso electrn̤ico 
362 |a Nm︢. 1 (2009) - 
506 0 |a Contenido disponible en los productos indicados  |d vLex Global  |d vLex Global (Academic Edition, excluding Law Schools)  |d vLex Global (U.S. Academic Edition, Law Schools)  |d vLex Global (U.S. Academic Edition, excluding Law Schools)  |d vLex Global (Academic Edition, Law Schools) 
650 0 4 |a Derecho internacional  |v Publicaciones perid̤icas 
740 0 |a vLex Revistas (Servicio en lƯ̕nea) 
856 4 0 |z Acceso restringido  |u http://vlex.com/source/anuario-colombiano-derecho-internacional-14670 
942 |c REV 
999 0 |a International law